00702cam a22002531 4500001001300000003000400013005001700017008004100034010001700075035001900092040003800111042001200149050002000161060002400181082001600205110004300221245003300264250001100297260002300308300002400331650004900355650002700404999001700431sa 67002675 DLC20260227112332.0770113s1966 ii f000 0 eng  asa 67002675  a(OCoLC)2676270 aDLCcMiDWdMiDWdOCoLCdDNLMdDLC apremarc00aRS125b.I5 1966 aQV 740 I14 M67 1966 a615/.1/09541 aIndia (Republic).bMinistry of Health.10aNational formulary of India. a2d ed. a[New Delhi]c1966. avii, 534 p.c17 cm. 0aMedicinexFormulae, receipts, prescriptions. 0aPharmacopoeiaszIndia. c73366d73366